000 00823naa a22002417a 4500
001 BR6500106
003 BR-BrBNA
005 20240918173255.0
007 ta
008 230509b bl.||||| |||| 00| 0 por d
040 _aBR-BrBNA
_bpor
_cBiblioteca Nacional de Agricultura
041 _a(Pt)
072 _aE50; E15
_b/G514
090 _aE50 BR6500106
100 1 _aMolina Filho, J.
245 1 _aCondicoes sociais inadequadas na agricultura brasileira
260 3 _aPorto Alegre, RS (Brasil):
_c1965.
500 _aCurso nacional de reforma agraria Porto Alegre, RS (Brasil): 1965. p. 78-95 (BR6500106-AM)E50
650 _aTRABALHADOR RURAL
773 0 _tCurso nacional de reforma agraria
_wE50 BR6500106
_gPorto Alegre, RS (Brasil), 1965. p. 78-95
909 _a202404
_bLucia
_c55
_dLucia Elande
942 _cAM
_2AGRIS
999 _c303708
_d303708